City on a hill. Season three / directed by ... Read More
Available copies
- 1 of 2 copies available at LARL/NWRL Consortium.
- 1 of 2 copies available at Lake Agassiz Regional Library. (Show preferred library)
Current holds
1 current hold with 2 total copies.
Show Only Available Copies
| Location | Call Number / Copy Notes | Barcode | Shelving Location | Status | Due Date |
|---|---|---|---|---|---|
| Breckenridge Public Library | DVD CIT (Text) | 33500013764717 | Main | On holds shelf | - |
| Breckenridge Public Library | DVD CIT (Text) | 33500013849997 | Main | Available | - |
Record details
- Physical Description: 2 videodiscs (455 min.) : sound, color ; 4 3/4 in.
- Publisher: [United States] : Showtime, [2023]
Content descriptions
| General Note: | Title from sell sheet. Wide screen (1.78:1 aspect ratio) Originally broadcast as single episodes of a television program in 2022. |
| Formatted Contents Note: | Gods and monsters -- A program of complete ... Read More |
| Creation/Production Credits Note: | Directors, Christoph Schrewe, Marshall Tyler, ... Read More |
| Participant or Performer Note: | Kevin Bacon, Aldis Hodge, Jill Hennessy, Lauren E. ... Read More |
| Summary, etc.: | Having left the FBI, Jackie Rohr lands a new gig ... Read More |
| Target Audience Note: | Rating: TVMA. |
| System Details Note: | DVD; Wide screen (1.78:1 aspect ratio); Dolby ... Read More |
| Language Note: | Closed-captioned. |
Search for related items by subject
| Subject: | Criminal justice, Administration of > Massachusetts > Boston > Drama. Corruption > Massachusetts > Boston > Drama. |
| Genre: | Video recordings for the hearing impaired. Fiction television programs. Thrillers (Television programs) Television crime shows. |
Search for related items by series
| LDR | 03260cgm a22006377i 4500 | ||
|---|---|---|---|
| 001 | 410967 | ||
| 003 | LARL_NWRL_CONSORTIUM | ||
| 005 | 20230321154418.0 | ||
| 008 | 230117p20232022xxu455 vleng d | ||
| 007 | vd cvaizq | ||
| 040 | . | ‡aTEFMT ‡beng ‡erda ‡cTEFMT ‡dTEF ‡dGK8 ‡dYEQ | |
| 024 | 1 | . | ‡a810103686359 |
| 035 | . | ‡a(OCoLC)1360434755 | |
| 037 | . | ‡bMidwest Tape ‡nhttp://www.midwesttapes.com | |
| 041 | 1 | . | ‡aeng ‡peng ‡heng |
| 043 | . | ‡an-us-ma | |
| 082 | 0 | 4. | ‡a791.45/75 ‡223/eng/20230117 |
| 245 | 0 | 0. | ‡aCity on a hill. ‡pSeason three / ‡cdirected by Christoph Schrewe [and 3 others] ; writers, Chuck MacLean [and 5 others] ; producers, Ben Affleck [and 9 others]. |
| 257 | . | ‡aUnited States ‡2naf | |
| 264 | 1. | ‡a[United States] : ‡bShowtime, ‡c[2023] | |
| 300 | . | ‡a2 videodiscs (455 min.) : ‡bsound, color ; ‡c4 3/4 in. | |
| 336 | . | ‡atwo-dimensional moving image ‡btdi ‡2rdacontent | |
| 337 | . | ‡avideo ‡bv ‡2rdamedia | |
| 338 | . | ‡avideodisc ‡bvd ‡2rdacarrier | |
| 344 | . | ‡adigital ‡2rdatr | |
| 344 | . | ‡boptical ‡2rdarm | |
| 344 | . | ‡hDolby Digital 5.1 | |
| 347 | . | ‡avideo file ‡2rdaft | |
| 347 | . | ‡bDVD video | |
| 380 | . | ‡aTelevision programs ‡2lcgft | |
| 490 | 0 | . | ‡aCity on a hill ; ‡vSeason 3 |
| 538 | . | ‡aDVD; Wide screen (1.78:1 aspect ratio); Dolby Digital 5.1. | |
| 546 | . | ‡aClosed-captioned. | |
| 500 | . | ‡aTitle from sell sheet. | |
| 511 | 1 | . | ‡aKevin Bacon, Aldis Hodge, Jill Hennessy, Lauren E. Banks, Matthew Del Negro. |
| 500 | . | ‡aWide screen (1.78:1 aspect ratio) | |
| 521 | 8 | . | ‡aRating: TVMA. |
| 520 | . | ‡aHaving left the FBI, Jackie Rohr lands a new gig running security for a wealthy family in Boston's high society Beacon Hill. Life is good until secrets begin to unravel. ADA Decourcy Ward sees an opportunity to rip out the machinery perpetuating a broken criminal justice system. Siobhan Quays encounters the city's corruption firsthand, all while coping with the traumatic events of her past year. As Jenny Rohr can attest, some experiences will haunt you beyond your breaking point. | |
| 500 | . | ‡aOriginally broadcast as single episodes of a television program in 2022. | |
| 505 | 0 | 0. | ‡tGods and monsters -- ‡tA program of complete disorder -- ‡tSpeak when you're angry -- ‡tUgly, like I said -- ‡tTake me home -- ‡tTenderness -- ‡tBoston bridges, falling down -- ‡tWhipping post. |
| 508 | . | ‡aDirectors, Christoph Schrewe, Marshall Tyler, Hagar Ben-Asher, Ed Bianchi ; written by Jorge Zamacona, J.M. Holmes, Emily Ragsdale, Tamara P. Carter, Haley Cameron, Regina Porter, Chris Andrien, Matthew Nemeth. | |
| 650 | 0. | ‡aCriminal justice, Administration of ‡zMassachusetts ‡zBoston ‡vDrama. | |
| 650 | 0. | ‡aCorruption ‡zMassachusetts ‡zBoston ‡vDrama. | |
| 655 | 7. | ‡aVideo recordings for the hearing impaired. ‡2lcgft ‡0(LARL_NWRL_CONSORTIUM)175744 | |
| 655 | 7. | ‡aFiction television programs. ‡2lcgft ‡0(LARL_NWRL_CONSORTIUM)175627 | |
| 655 | 7. | ‡aThrillers (Television programs) ‡2lcgft ‡0(LARL_NWRL_CONSORTIUM)175790 | |
| 655 | 7. | ‡aTelevision crime shows. ‡2lcgft ‡0(LARL_NWRL_CONSORTIUM)175791 | |
| 700 | 1 | . | ‡aMacLean, Chuck, ‡escreenwriter. |
| 700 | 1 | . | ‡aAffleck, Ben, ‡d1972- ‡eproducer. ‡0(LARL_NWRL_CONSORTIUM)10445 |
| 700 | 1 | . | ‡aSchrewe, Christoph, ‡d1964- ‡edirector. |
| 700 | 1 | . | ‡aBacon, Kevin, ‡d1958- ‡eactor. ‡0(LARL_NWRL_CONSORTIUM)7965 |
| 700 | 1 | . | ‡aHodge, Aldis, ‡eactor. |
| 700 | 1 | . | ‡aHennessy, Jill, ‡d1968- ‡eactor. ‡0(LARL_NWRL_CONSORTIUM)144860 |
| 710 | 2 | . | ‡aShowtime Networks, ‡epublisher. ‡0(LARL_NWRL_CONSORTIUM)142213 |
| 901 | . | ‡a410967 ‡bOCoLC ‡c410967 ‡tbiblio ‡soclc | |

Add to basket
Permalink
Disable Highlighting